Word Games Quiz/ (Record no. 212280)

MARC details
000 -LEADER
fixed length control field 00592nam a22002057a 4500
005 - DATE AND TIME OF LATEST TRANSACTION
control field 20250709142429.0
010 ## - LCCN (DPL NO)
LC control number ENG-145892
020 ## - INTERNATIONAL STANDARD BOOK NUMBER
Terms of availability 450.00
International Standard Book Number 9789395368995
035 ## - SYSTEM CONTROL NUMBER
System control number EN-129424
037 ## - SOURCE OF ACQUISITION
Source of stock number/acquisition DBAD
082 ## - DEWEY DECIMAL CLASSIFICATION NUMBER
Classification number 000
100 ## - MAIN ENTRY--PERSONAL NAME
Personal name Sarma, O. A.
245 ## - TITLE STATEMENT
Title Word Games Quiz/
Statement of responsibility, etc O. A. Sarma
250 ## - EDITION STATEMENT
Edition statement 1
260 ## - PUBLICATION, DISTRIBUTION, ETC. (IMPRINT)
Place of publication, distribution, etc Hyderabad
Name of publisher, distributor, etc Neelkamal Publications Pvt. Ltd.
Date of publication, distribution, etc 2024
270 ## - ADDRESS
City Hyderabad
Address Sultan Bazar, Koti, Hyderabad
Postal code 500001
Telephone number 040-24757140
-- +91 9811828953
300 ## - PHYSICAL DESCRIPTION
Extent 109 p.
Dimensions 21.8 cm(hb)
700 ## - ADDED ENTRY--PERSONAL NAME
9 (RLIN) 82838
942 ## - ADDED ENTRY ELEMENTS (KOHA)
Source of classification or shelving scheme Dewey Decimal Classification
Item type English Books
Classification part 000
Call number suffix SAR
Holdings
Withdrawn status Lost status Not for loan Collection code Home library Current library Date acquired Source of acquisition Cost, normal purchase price Full call number Barcode Copy number Cost, replacement price Koha item type
      Non-fiction Sarojini Nagar Sarojini Nagar 09/07/2025 DBAD 450.00 000 SAR EN-129424 1 450.00 English Books

© Delhi Public Library
Hit Counter
free hit counter